Khảo sát hiệu quả của Enterococcus faecalis và Enterococcus faecium trong chăn nuôi gà : Luận văn tốt nghiệp cao học ngành Công nghệ Sinh học

Nội dung luận văn giới thiệu cơ sở lý luận và phương pháp nghiên cứu. Khảo sát hiệu quả của Enterococcus faecalis và Enterococcus faecium trong chăn nuôi gà. Kết luận và kiến nghị.

Saved in:
Bibliographic Details
Main Author: Mai, Thị Ly
Format: Book
Language:Undetermined
Published: Cần Thơ Trường Đại học Cần Thơ 2018
Subjects:
Tags: Add Tag
No Tags, Be the first to tag this record!
Institutions: Trung tâm Học liệu Trường Đại học Cần Thơ
LEADER 01048nam a2200205Ia 4500
001 CTU_227443
008 210402s9999 xx 000 0 und d
082 |a 636.5089 
082 |b L600 
100 |a Mai, Thị Ly 
245 0 |a Khảo sát hiệu quả của Enterococcus faecalis và Enterococcus faecium trong chăn nuôi gà : 
245 0 |b Luận văn tốt nghiệp cao học ngành Công nghệ Sinh học 
245 0 |c Mai Thị Ly ; Nguyễn Hữu Hiệp (cán bộ hướng dẫn) 
260 |a Cần Thơ 
260 |b Trường Đại học Cần Thơ 
260 |c 2018 
520 |a Nội dung luận văn giới thiệu cơ sở lý luận và phương pháp nghiên cứu. Khảo sát hiệu quả của Enterococcus faecalis và Enterococcus faecium trong chăn nuôi gà. Kết luận và kiến nghị. 
650 |a Biochemical engineering,Kỹ thuật hóa sinh 
910 |b dqhieu 
980 |a Trung tâm Học liệu Trường Đại học Cần Thơ